Truyện Long Tôn : Truyện thơ
Nội dung giới thiệu về truyện Long Tôn, truyện Phạm Tử - Ngọc Hoa, truyện Minh Nga với hai ngôn ngữ Tày - Việt.
Bewaard in:
| Formaat: | Boek |
|---|---|
| Taal: | Undetermined |
| Gepubliceerd in: |
Hà Nội
Hội Nhà văn
2019
|
| Onderwerpen: | |
| Tags: |
Voeg label toe
Geen labels, Wees de eerste die dit record labelt!
|
| Thư viện lưu trữ: | Trung tâm Học liệu Trường Đại học Cần Thơ |
|---|
| LEADER | 00755nam a2200205Ia 4500 | ||
|---|---|---|---|
| 001 | CTU_236024 | ||
| 008 | 210402s9999 xx 000 0 und d | ||
| 082 | |a 398.209597 | ||
| 082 | |b Tr527 | ||
| 245 | 0 | |a Truyện Long Tôn : | |
| 245 | 0 | |b Truyện thơ | |
| 245 | 0 | |c Nguyễn Văn Kể (sưu tầm, dịch) | |
| 260 | |a Hà Nội | ||
| 260 | |b Hội Nhà văn | ||
| 260 | |c 2019 | ||
| 520 | |a Nội dung giới thiệu về truyện Long Tôn, truyện Phạm Tử - Ngọc Hoa, truyện Minh Nga với hai ngôn ngữ Tày - Việt. | ||
| 650 | |a Folk literature,Văn học dân gian | ||
| 650 | |z Vietnam,Việt Nam | ||
| 910 | |b dqhieu | ||
| 980 | |a Trung tâm Học liệu Trường Đại học Cần Thơ | ||